| 000 | nam a22 4500 | ||
|---|---|---|---|
| 999 |
_c448882 _d448882 |
||
| 003 | BLK | ||
| 005 | 20220315120516.0 | ||
| 008 | 220315b bu |||||r|||| 00| | bu d | ||
| 040 | _aBLK | ||
| 041 |
_aBUL _cBUL |
||
| 080 |
_aБългарска литература _b821.163.2 _x-2 _z821.163.2-2 |
||
| 100 |
_91299 _aСтойков, Димитър _eпърви автор |
||
| 139 | _aСтойков, Димитър и др. | ||
| 245 |
_aХоро _bПиеса в шест картини по романа на Антон Страшимиров _cДимитър Стойков. |
||
| 245 |
_aСиновете на Будинка _bПиеса в три действия, седем карт. _cАлександър Гергинов. |
||
| 260 |
_9209548 _aСофия _bНаука и изкуство _c1963 _n978-954-02- |
||
| 300 |
_a120 с. _c22 см |
||
| 380 | _aX | ||
| 490 |
_9205002 _aБиблиотека Театрална самодейност _vГод. 7, кн.4 |
||
| 500 | _aМин. на просветата и културата, Центр. дом за народно творчество. Изд. под заглавие Септември 1923 година ... | ||
| 700 | 1 |
_954219 _aГиргинов, Александър |
|
| 852 |
_aЦб 26837 _bЦб |
||
| 942 |
_cKNG _n0 _s1 |
||
| 944 |
_aCR _c2022-03-15 _kА.М. |
||